LEADER 01964oam 2200481 a 450 001 9910702838803321 005 20100927135557.0 035 $a(CKB)3460000000106961 035 $a(OCoLC)423051894 035 $a(EXLCZ)993460000000106961 100 $a20090708d2009 ua 0 101 0 $aeng 135 $aurbn||||||||| 181 $ctxt$2rdacontent 182 $cc$2rdamedia 183 $acr$2rdacarrier 200 10$aCyber insecurity$b[electronic resource] $ehackers are penetrating federal systems and critical infrastructure : hearing before the Subcommittee on Emerging Threats, Cybersecurity, and Science and Technology of the Committee on Homeland Security, House of Representatives, One Hundred Tenth Congress, first session, April 19, 2007 210 1$aWashington :$cU.S. G.P.O.,$d2009. 215 $aiv, 69 pages $cdigital, PDF file 300 $aTitle from title screen (viewed on July 8, 2009). 300 $a"Serial no. 110-26." 320 $aIncludes bibliographical references. 517 $aCyber insecurity 606 $aCyberterrorism$zUnited States$xPrevention$xEvaluation 606 $aComputer security$zUnited States$xEvaluation 606 $aAdministrative agencies$xComputer networks$xAccess control$zUnited States 606 $aExecutive departments$xComputer networks$xAccess control$zUnited States 606 $aInfrastructure (Economics)$xSecurity measures$zUnited States 615 0$aCyberterrorism$xPrevention$xEvaluation. 615 0$aComputer security$xEvaluation. 615 0$aAdministrative agencies$xComputer networks$xAccess control 615 0$aExecutive departments$xComputer networks$xAccess control 615 0$aInfrastructure (Economics)$xSecurity measures 801 0$bGPO 801 1$bGPO 801 2$bGPO 801 2$bUBY 801 2$bOCLCQ 801 2$bGPO 906 $aBOOK 912 $a9910702838803321 996 $aCyber insecurity$92801420 997 $aUNINA LEADER 04572nam 2200997 450 001 9910826958003321 005 20230807212618.0 010 $a0-520-28423-2 010 $a0-520-95986-8 024 7 $a10.1525/9780520959866 035 $a(CKB)3710000000346547 035 $a(EBL)1775221 035 $a(SSID)ssj0001420999 035 $a(PQKBManifestationID)12611374 035 $a(PQKBTitleCode)TC0001420999 035 $a(PQKBWorkID)11404498 035 $a(PQKB)11644621 035 $a(StDuBDS)EDZ0001193114 035 $a(MiAaPQ)EBC1775221 035 $a(OCoLC)902724771 035 $a(MdBmJHUP)muse47162 035 $a(DE-B1597)520554 035 $a(DE-B1597)9780520959866 035 $a(Au-PeEL)EBL1775221 035 $a(CaPaEBR)ebr11015003 035 $a(CaONFJC)MIL719011 035 $a(EXLCZ)993710000000346547 100 $a20150211h20152015 uy 0 101 0 $aeng 135 $aur|nu---|u||u 181 $ctxt 182 $cc 183 $acr 200 10$aDemocracy as death $ethe moral order of anti-liberal politics in South Africa /$fJason Hickel 210 1$aOakland, California :$cUniversity of California Press,$d2015. 210 4$dİ2015 215 $a1 online resource (282 p.) 300 $aDescription based upon print version of record. 311 0 $a0-520-28422-4 311 0 $a1-322-87729-7 320 $aIncludes bibliographical references and index. 327 $tFront matter --$tContents --$tIllustrations --$tAcknowledgments --$tA Note on Translation and Transcription --$tAbbreviations --$tINTRODUCTION. The Question of Freedom --$t1. A Divided Revolution --$t2. The Habitus of the Homestead --$t3. Urban Social Engineering and Revolutionary Consciousness --$t4. Neoliberalism as Misfortune --$t5. Death in an Age of Wild Ghosts --$t6. Colonial Nostalgias and the Reinvention of Culture --$tCONCLUSION: On the Politics of Culture --$tNotes --$tGlossary of IsiZulu Words --$tReferences --$tIndex 330 $aThe revolution that brought the African National Congress (ANC) to power in South Africa was fractured by internal conflict.  Migrant workers from rural Zululand rejected many of the egalitarian values and policies fundamental to the ANC's liberal democratic platform and organized themselves in an attempt to sabotage the movement. This anti-democracy stance, which persists today as a direct critique of "freedom" in neoliberal South Africa, hinges on an idealized vision of the rural home and a hierarchical social order crafted in part by the technologies of colonial governance over the past century. In analyzing this conflict, Jason Hickel contributes to broad theoretical debates about liberalism and democratization in the postcolonial world. Democracy as Death interrogates the Western ideals of individual freedom and agency from the perspective of those who oppose such ideals, and questions the assumptions underpinning theories of anti-liberal movements. The book argues that both democracy and the political science that attempts to explain resistance to it presuppose a model of personhood native to Western capitalism, which may not operate cross-culturally. 606 $aDemocracy$zSouth Africa 607 $aSouth Africa$xPolitics and government$y1994- 610 $aafrican history. 610 $aafrican national congress. 610 $aanc. 610 $aanti democracy stance. 610 $acolonial governance. 610 $acolonialism. 610 $acultural studies. 610 $ademocratization. 610 $adiplomacy. 610 $aegalitarian values. 610 $afreedom. 610 $agovernment and governing. 610 $ahierarchical social order. 610 $ahistorical. 610 $aindividual freedom. 610 $ainternal conflict. 610 $aliberal democratic platform. 610 $aliberalism. 610 $amigrant workers. 610 $amigrants. 610 $aneoliberal south africa. 610 $apostcolonial studies. 610 $arevolution. 610 $arural home. 610 $arural zuzuland. 610 $arural. 610 $asouth africa. 610 $asouth african history. 610 $awestern capitalism. 610 $awestern ideals. 615 0$aDemocracy 676 $a320.968 686 $aMI 65086$2rvk 700 $aHickel$b Jason$f1982-$0761729 801 0$bMiAaPQ 801 1$bMiAaPQ 801 2$bMiAaPQ 906 $aBOOK 912 $a9910826958003321 996 $aDemocracy as death$93958631 997 $aUNINA